000 01060nam a22002657a 4500
005 20240530110712.0
008 180212s2016 ua a g 000 0 ara d
017 _a2016/19316
_bمصر. دار الكتب
020 _a9789773833137
040 _aEG-CaGPL
_cEG-CaGPL
082 0 4 _221
_a353.1 /
_bم ن
100 0 _aمحسن احمد الخضيرى
245 1 0 _aنظرية الامن القومى الشامل :
_bالمنهج المتكامل لتحقيق الامن القومى الشامل فى الداخل والخارج /
_cاعداد محسن احمد الخضيرى
250 _aط. 1
260 _aالقاهرة :
_c2016.
300 _a399 ص. :
_bايض ؛
_c24 سم.
650 0 7 _2qrmak
_aالامن القومى
650 0 7 _2qrmak
_aالدفاع المدنى
650 0 7 _2qrmak
_aالامن القومى
_xقوانين وتشريعات
650 0 7 _2qrmak
_aالسياسة العسكرية
650 0 7 _2qrmak
_aالتمرد والعصيان
651 _2qrmak
942 _2ddc
_cBK
999 _c64059
_d64059